000 00772nam a22002177a 4500
003 UA-OsUOA
001 78757
007 ta
008 20111020b un ||||| |||| 00| 0 ukr d
100 _aКузнэцов И.В.
090 _a659
_bК89
942 _cSA
040 _aUA-OsUOA
_brus
_cUA-OsUOA
_dUA-OsUOA
245 _aУ истоков советской публицистики
300 _aС.114-126
955 _a0
041 _arus
080 _a659
773 0 _w78754
_tВестник Московского университета. Серия 10. Журналистика
_dМ.
_d2011
_g3
650 7 _a659 Реклама. Система інформації. Громадська інформація та реклама (Паблик-Рилейшнз)
_2UDC
999 _c365072
_d365072